Music Quiz

Random Music or Song Quiz
Score 0/55 Timer 07:00
0 Plays Today
Album Name Song Name % Correct
Jesus FreakJesus Freak
95.9%
SupernaturalSupernatural
84.9%
Jesus FreakColored People
82.2%
Free At LastFree At Last
76%
Jesus FreakIn The Light
73.3%
Nu ThangNu Thang
71.9%
Free At LastLuv Is A Verb
65.1%
Free At LastJesus Is Just Alright
63.7%
Jesus FreakBetween You and Me
61.6%
Jesus FreakSo Help Me God
59.6%
Jesus FreakWhat If I Stumble
58.9%
SupernaturalConsume Me
58.9%
Jesus FreakMind's Eye
58.2%
SupernaturalMy Friend (So Long)
58.2%
SupernaturalRed Letters
57.5%
Free At LastThe Hardway
54.8%
Free At LastSay The Words
52.1%
Nu ThangI Luv Rap Music
50.7%
Jesus FreakDay By Day
50%
Jesus FreakLike It, Love It, Need It
49.3%
SupernaturalDive
49.3%
Jesus FreakWhat Have We Become
47.3%
DC TalkHeavenbound
46.6%
SupernaturalInto Jesus
46.6%
Nu ThangWalls
45.2%
Nu ThangWhen DC Talks
45.2%
Free At LastThat Kinda Girl
45.2%
Free At LastTime is....
43.8%
Album Name Song Name % Correct
Free At LastSocially Acceptable
43.8%
SupernaturalIt's Killing Me
43.2%
Free At LastLean On Me
42.5%
SupernaturalGodsend
42.5%
Intermission: The Greatest HitsSugarCoat It
42.5%
Free At LastI Don't Want It
41.8%
Supernatural Since I Met You
41.1%
Nu ThangChildren Can Live (Without It)
39%
Free At LastWord 2 the Father
38.4%
SupernaturalWanna Be Loved
38.4%
DC TalkSpinnin' Round
34.2%
Nu ThangHe Works
32.2%
Intermission: The Greatest HitsChance
32.2%
SupernaturalFearless
31.5%
Nu ThangTalk It Out
30.8%
SupernaturalThe Truth
30.8%
DC TalkHe Loves Me
30.1%
Nu ThangThings of This World
30.1%
DC TalkTime Ta Jam
28.1%
Nu ThangNo More
28.1%
Intermission: The Greatest HitsI Wish We'd All Been Ready
28.1%
Nu ThangCan I Get a Witness
27.4%
DC TalkGah Ta Be
26.7%
DC TalkFinal Days
24.7%
Nu ThangTake It To the Lord
24.7%
DC TalkThe King (Allelujah)
23.3%
DC TalkVoices Praise Him
23.3%
Remove Ads.
Support Sporcle.
Get the best of Sporcle when you Go Orange. This ad-free experience offers more features, more stats, and more fun while also helping to support Sporcle. Thank you for becoming a member.

You're not logged in!

Compare scores with friends on all Sporcle quizzes.
OR
Log In

Show Comments

Extras

Top Quizzes Today


Score Distribution

Your Account Isn't Verified!

In order to create a playlist on Sporcle, you need to verify the email address you used during registration. Go to your Sporcle Settings to finish the process.

Report this User

Report this user for behavior that violates our Community Guidelines.

Details: